| 000 | 00903 a2200193 4500 | ||
|---|---|---|---|
| 999 |
_c7542 _d7542 |
||
| 020 | _a9780761993223 | ||
| 050 | 0 | 0 | _aHF5415 XAV 1999 |
| 100 | 1 |
_aXavier, M. J., _d1953- |
|
| 245 | 1 | 0 |
_aStrategic Marketing : _ba Guide for Developing Sustainable Competitive Advantage / _cM.J. Xavier. |
| 264 |
_aNew Delhi: _bResponse Books, _c1999. |
||
| 300 |
_a359 p. : _bill. ; |
||
| 500 | _aincludes index. | ||
| 504 | _aIncludes bibliographical references. | ||
| 650 | 0 | _aMarketing. | |
| 856 | 4 | 1 |
_3Table of contents only _uhttp://www.loc.gov/catdir/enhancements/fy0657/99011086-t.html |
| 856 | 4 | 2 |
_3Publisher description _uhttp://www.loc.gov/catdir/enhancements/fy0660/99011086-d.html |
| 942 |
_2lcc _cBK _h5415 _iXAV _kHF |
||